Quizzes
Events
Quiz Creation
Community
Videos
Private Events
Remove Ads
Sign In
Join for FREE
Feedback
Dark Mode
Quiz Categories
Sports
Geography
Music
Movies
Television
Just For Fun
Miscellaneous
History
Literature
Language
Science
Gaming
Entertainment
Religion
Holiday
For Kids
Quiz Lab
Recent
Popular Today
Quiz Kudos Today
Editor Picks
Curator Picks
Quizzes by...
Day
Popularity
Type
Ratings
Length
Year
Community
Subscriptions
Recent Discussions
Orange Saloon
Badges
Playlists
Quests
Create
Leaderboards
Showdown
Live 5
Trivia Bingo
Activity
Puzzle Library
Sporcle Events
Private Events
Virtual Trivia
Globe League
Become a Host
Pub Owners
SporcleCon
Opinionation
Our Games
Videos
Blog
Mobile Apps
Partnerships
Remove Ads and Go Orange
Feedback
Literature
Harry Potter
A Song of Ice and Fire
The Hunger Games
Literary Character
Shakespeare
Book
Author
Novel
Poem
Young Adult
Children's Books
Play
Lord of the Rings
Literature
Harry Potter
A Song of Ice and Fire
The Hunger Games
Literary Character
Shakespeare
Book
Author
Novel
Poem
Young Adult
Children's Books
Play
Lord of the Rings
Random Quiz
Search Sporcle
×
Quiz Lab
Quiz Lab
Literature
Gatsby
Type in answers that appear in a list
Type in answers that appear in a list
Classic
Best Score? Go Orange.
Great Gatsby Tweets Stats
Can you name the Great Gatsby Character's Tweets?
By
kaylo
10m
15 Questions
1,494 Plays
1,494 Plays
1,494 Plays
Comments
Comments
Give Quiz Kudos
Give Quiz Kudos
-
- Ratings
hide this ad
Replay
Link that replays current quiz
Next Quiz
Link to next quiz in quiz playlist
You Got
0%
They Got
Avg Score
71%
Avg Friend Score
Upgrade to see
Score Distribution
Jump to the score distribution portion of the page
Score
0/15
Timer
10:00
0
Plays Today
Can you guess the Character's tweets?
Character
% Correct
Just got back from my mistresses apartment #longdrive
Tom Buchanan
95%
Friends don’t always turn out how they were first perceived to be and this was true because it was @Gatsby who turned out great in the end #respect
Nick Carraway
93.4%
Guess I should be a better driver #justkilledsomeone #oops
Daisy Buchanan
92.2%
Cousin @Nick_
Car is moving to West Egg #yayay #comevisittt
Daisy Buchanan
92.2%
S/
O to @Dan_
Cody for all the business advice. Couldn’t have done it without you
Jay Gatsby
91%
Having a small get together. Stop by if youd like
Jay Gatsby
91%
US Open trials today #nervous #getmyswingon
Jordan Baker
80.9%
Make up your mind. #sofrusterated its me or her
Myrtle Wilson
80%
Can you guess the Character's tweets?
Character
% Correct
That oughta teach her a lesson #unfaithful
George Wilson
71.8%
Cant believe youd do that to me. After all ive done for you #thatslut
George Wilson
71.8%
World Series tonight… bet I know the outcome #betsanyone
Meyer Wolfsheim
63.6%
Shocked to see im one of the only ones here #RIPGatsby
Owl Eyes
58.4%
Don’t wanna leave after the party. Staying the night #tired
Klipspringer
31.1%
No more Gatsby. Gonna hit the road. #peaceoutgirlscout
Klipspringer
31.1%
A man should never hit a woman #ignorant
Catherine
25.8%
Quiz Playlist
Details
Report
Send in Message
Add To Playlist
Classic:
Type in answers that appear in a list
Last Updated: Feb 16, 2017
Quiz Scoreboard
CHALLENGE
Sign Up to Join the Scoreboard
Show All
Scores
Hide
Comments
May contain spoilers
Recently Published
1-10 Letter E Words III
by El_Dandy
Language
2m
One Thing in Common: World Cities II
by knightlancer
Geography
7m
Popular People in 1961
by mucciniale
History
6m
More to Explore
Quiz From the Vault
Featured Blog Post
Where Did the Easter Bunny Come From?
hide this ad
You Might Also Like...
Tags
Character
Gatsby
Great Gatsby
Today's Top Quizzes in Literature
Browse Literature
hide this ad
Top Contributed Quizzes in Literature
1
Sneaky Slytherin Logic Puzzle
2
Get The Picture: Black or White Literature
3
One Thing in Common: Literature
4
Weasley Family Reunion: Logic Puzzle
5
Lily Potter Start to Finish
6
James Potter Start to Finish
7
ASOIAF Logic Puzzle [Difficult] [Read Note first!!]
8
One piece logic quiz 3 (Hard difficulty)
9
One Thing in Common: Books
10
Harry Potter and the Philosopher's Stone Logic Puzzle
Explore More
Trending Topics
NBA
Harry Potter
Marvel
Disney
Anime
Crossword
Kpop
Song
WWE
Pokémon
Soccer
NFL
Puzzle
The Office
Country
hide this ad
More By:
kaylo
Quiz
Plays
Rating
Category
Featured
Created
Great Gatsby Tweets
1,494
3.09
Literature
May 23, 2012
Go to Creator's Profile
Score Distribution
Quiz Creator Spotlight
kaylo
Follow
Send a Message
Quizzes Created
-
Created Quiz Play Count
-
More By This Creator
Popular Quizzes Today
1
Find the US States - No Outlines Minefield
2
Find the Countries of Europe - No Outlines Minefield
3
The Countries of the World
4
Popular People in 1961
5
1-10 Letter E Words III
6
Find the US States
7
One Thing in Common: World Cities II
8
US States
More Literature Quizzes
Harry Potter Mystery Passage 11
Quiz Lab
Trending Quizzes
Risky Map Clicking: Least Populous States A-Z
1-10 Letter F Words
1-10 Letter G Words
One Thing in Common: United Kingdom
Risky Map Clicking: Next State Alphabetically
Recently Updated
Leaping Animals
pecheneg
Reality TV Shows (A-Z)
bhenderson79
Rickey Henderson's Hall of Fame Teammates
pecheneg
Champions League XIs: Arsenal
pecheneg
Quick Pick: Celebrities in WWE's Hall of Fame
aduchscher
A-Z Keypad Blitz II
pecheneg
Multiple Oscar Actors
pecheneg
Mystery Phrase Blitz: Oscar 'Best Actors'
pecheneg
F. Scott Fitzgerald Novels
LTH
Pick 3 Villains
ddd62291
Trending Topics
NBA
Disney
Crossword
Harry Potter
Marvel
Kpop
Anime
Puzzle
The Office
Song
Pokémon
NFL
Soccer
Country
WWE
Your Account Isn't Verified!
In order to create a playlist on Sporcle, you need to verify the email address you used during registration. Go to your
Sporcle Settings
to finish the process.
Report this User
Report this user for behavior that violates our
Community Guidelines
.
Details:
Send Report
Go to the Sporcle.com Mobile Site →
Comments